Naváranie hliníkových zliatin
Salvato in:
| Autore principale: | |
|---|---|
| Altri autori: | |
| Natura: | Manoscritto Libro |
| Lingua: | slovacco |
| Pubblicazione: |
2025
|
| Soggetti: | |
| Accesso online: | http://is.stuba.sk/zp/portal_zp.pl?podrobnosti=176930 |
| Tags: |
Nessun Tag, puoi essere il primo ad aggiungerne!!
|
MARC
| LEADER | 00000ntm a22000003a 4500 | ||
|---|---|---|---|
| 001 | stuzp104125 | ||
| 003 | SK-STU | ||
| 005 | 20250628211234.7 | ||
| 007 | ta | ||
| 008 | 150427s2015----xo-----f-mn---000-0-slo-d | ||
| 040 | |a STU |b slo | ||
| 041 | 0 | |a slo | |
| 100 | 1 | |a Bartek, Andrej |u 063000 |4 aut |U MTF Materiálovotechnologická fakulta |T MTF Ústav výrobných technológií |X 121979 |U M3000 |Y 83 |7 121979 | |
| 242 | 0 | 1 | |a Overlay welding of aluminium alloys |y eng |
| 245 | 1 | 0 | |a Naváranie hliníkových zliatin |
| 260 | |c 2025 | ||
| 650 | 4 | |a aditívna výroba |2 slo | |
| 650 | 4 | |a aditívna výroba oblúkovým naváraním |2 slo | |
| 650 | 4 | |a hliníková zliatina 5087 |2 slo | |
| 650 | 4 | |a MIG |2 slo | |
| 650 | 4 | |a wire arc additive manufacturing |2 eng | |
| 650 | 4 | |a aluminium alloy 5087 |2 eng | |
| 650 | 4 | |a MIG |2 eng | |
| 650 | 4 | |a additive manufacturing |2 eng | |
| 700 | 1 | |a Kovačócy, Pavel |u 063100 |k Z1 |4 ths |U MTF Ústav výrobných technológií |T MTF Katedra zvárania a spájania materiálov |X 4171 |U M3100 |Y 162 |7 A000004171 | |
| 856 | 4 | |u http://is.stuba.sk/zp/portal_zp.pl?podrobnosti=176930 | |
| 996 | |c M* BP-9877 |l MMSKP |s P |a 0 |w stuzp104125_0001 | ||